000 01531nam a2200337 a 4500
001 000021815
005 20240229073828.0
008 100913s1981 dr r 000 0 spa d
040 _aDO-SdBNP
_bspa
_cBNPHU
082 _a352.64
_bR382t
245 0 0 _aRelaciones de trabajo en el servicio público /
_cLuis Scheker O. ... [et al.] ; prólogo César Estrella Sadhala.
260 _aSanto Domingo :
_bONAP,
_c1981.
300 _aviii, 126 p. ;
_c23 cm.
490 1 _aSeminarios
_v4
500 _aIncluye las ponencias presentadas en el I Congreso Nacional del Derecho del Trabajo y Seguridad Social celebrado del 9 al 18 de septiembre de 1981, en Santo Domingo, RD.
504 _aIncluye bibliografía y notas al pie de páginas.
590 _aInventariado, 2018/BT
650 4 _aAdministración de personal
_zRepública Dominicana
_xEnsayos, conferencias, etc.
_945310
650 4 _aFunción pública
_zRepública Dominicana
_917764
650 4 _aEconomía del trabajo
_zRepública Dominicana
_945311
650 4 _aRelaciones industriales
_zRepública Dominicana
_xEnsayos, conferencias, etc.
_945312
651 4 _aRepública Dominicana
_xAdministración Pública
_9657
700 1 _aBallester H., Antonio
_945313
700 1 _aMoreta C., Américo
_945314
700 1 _aGrullón Cabral, José
_945315
700 1 _aSuárez, José Darío
_931031
700 1 _aAmaro Guzmán, Raymundo
_9656
700 1 _aEstrella Sadhala, César,
_epról.
_945316
830 0 _aSeminarios
_v4
_99809
910 _aValidado. Control de calidad. EMS
999 _c21313
_d21313